000
00330nam a22001457a 4500
003
SGT
020
_a
978-0-8039-8909-2
082
_a
616.89
_b
M04R
100
_a
RADLEY, ALAN
245
_a
MAKING SENSE ILLNESS: TH SOCIAL PSYCHOLOGY
260
_a
INDIA
_b
SAGE
_c
2004
300
_a
232
650
_a
PSYCHOLOGY
942
_2
ddc
_c
BK
999
_c
15944
_d
15944